Normal view
MARC view
Entry Personal Name
001 - CONTROL NUMBER
- control field: 8608
003 - CONTROL NUMBER IDENTIFIER
- control field: OSt
005 - DATE AND TIME OF LATEST TRANSACTION
- control field: 20211028145704.0
008 - FIXED-LENGTH DATA ELEMENTS
- fixed length control field: 211028|| aca||aabn | a|a d
040 ## - CATALOGING SOURCE
- Original cataloging agency: OSt
- Transcribing agency: OSt
100 ## - HEADING--PERSONAL NAME
- Personal name: D'Souza, Sweeta; Manimozhi, R.
- Miscellaneous information: 131927
670 ## - SOURCE DATA FOUND
- Source citation: Work cat.: (OSt): D'Souza, Sweeta; Manimozhi, R. 131927, Criminal search engine., 2015